LEADER 03199nam a2200769 i 4500
001 nkc20203256249
003 CZ PrNK
005 20201110155314.0
007 ta
008 201001s2020 xr ach e 000 jbcze
015 |a cnb003256249 
020 |a 978-80-7625-100-7  |q (vázáno) 
035 |a (OCoLC)1226360565 
040 |a BOA001  |b cze  |d ABA001  |e rda 
041 1 |a cze  |h eng 
043 |a e-uk---  |a n-us--- 
045 |a x0x8 
072 7 |a 355/359  |x Vojenství. Obrana země. Ozbrojené síly  |2 Konspekt  |9 15 
072 7 |a 929  |x Biografie  |2 Konspekt  |9 8 
080 |a 355.40-055.2  |2 MRF 
080 |a 351.746.1+355.40  |2 MRF 
080 |a 94(44)"1940/1944"  |2 MRF 
080 |a 94(100)"1939/1945"  |2 MRF 
080 |a 929  |2 MRF 
080 |a (410)  |2 MRF 
080 |a (73)  |2 MRF 
080 |a (0:82-322.6)  |2 MRF 
100 1 |a Purnell, Sonia  |7 jo2018979815  |4 aut 
240 1 0 |a Woman of no importance.  |l Česky 
245 1 0 |a Neviditelná žena :  |b příběh agentky Virginie Hallové /  |c Sonia Purnellová ; přeložila Jitka Jiterská 
246 3 0 |a Příběh agentky Virginie Hallové 
250 |a První vydání 
264 1 |a V Praze :  |b Metafora,  |c 2020 
300 |a 415 stran :  |b ilustrace, portréty, faksimile ;  |c 21 cm 
336 |a text  |b txt  |2 rdacontent 
337 |a bez média  |b n  |2 rdamedia 
338 |a svazek  |b nc  |2 rdacarrier 
500 |a Přeloženo z angličtiny 
500 |a Obálkový podnázev: skutečný příběh špionky, ze které mělo strach i samotné gestapo 
504 |a Obsahuje bibliografické odkazy 
600 1 7 |a Goillot, Virginia,  |d 1906-1982  |7 xx0238457  |2 czenas 
610 1 7 |a Velká Británie.  |b Special Operations Executive  |7 kn20020322121  |2 czenas 
610 1 7 |a Spojené státy americké.  |b Office of Strategic Services  |7 ko2002159763  |2 czenas 
648 7 |a 20. století  |7 ch460558  |2 czenas 
648 4 |a 1906-1982 
650 0 7 |a agentky  |7 ph202206  |z Velká Británie  |y 20. století  |2 czenas 
650 0 7 |a agentky  |7 ph202206  |z Spojené státy americké  |y 20. století  |2 czenas 
650 0 7 |a zpravodajské služby  |7 ph127677  |z Velká Británie  |2 czenas 
650 0 7 |a zpravodajské služby  |7 ph127677  |z Spojené státy americké  |2 czenas 
650 0 7 |a vichystický režim (1940-1944 : Francie)  |7 ph986826  |2 czenas 
650 0 7 |a druhá světová válka (1939-1945)  |7 ph117270  |2 czenas 
650 0 9 |a women spies  |z Great Britain  |y 20th century  |2 eczenas 
650 0 9 |a women spies  |z United States  |y 20th century  |2 eczenas 
650 0 9 |a intelligence service  |z Great Britain  |2 eczenas 
650 0 9 |a intelligence service  |z United States  |2 eczenas 
650 0 9 |a Vichy regime (1940-1944 : France)  |2 eczenas 
650 0 9 |a World War (1939-1945)  |2 eczenas 
655 7 |a biografické příběhy  |7 fd131953  |2 czenas 
655 9 |a biographical stories  |2 eczenas 
700 1 |a Jiterská, Jitka,  |d 1988-  |7 xx0239232  |4 trl 
910 2 |a BOA001  |b 2-1454.606 
928 9 |a Grada Publishing - Metafora 
990 |a BK 
995 |a 01 
991 |b 202010  |c NOV 
996 6 |b 2610840647  |c 2-1454.606  |l MZK  |r Sklad / do 1 hodiny  |n 0  |p p.v.  |w 001829699  |u 000010  |a 1  |e BOA001  |j MZK50  |s P 
996 7 |b 2610845294  |c 2-1454.606  |l MZK  |r Sklad / do 1 hodiny  |n 5  |p kup  |w 001829699  |u 000020  |a 1  |e BOA001  |j MZK50  |s A